00717nam a22002173a 450000500170000000800410001701000170005802000250007503500170010003700160011704000180013308200060015110000190015724500990017626000330027527000520030830000290036065500250038965500280041471000570044220051014160153.0050725t20052003nyu | 00| f eng d aB-311176-196 a9788129113726c95.00 aB-311176-196 bPansy Books adplbEnglish  aN aChetan Bhagat  aThe 3 mistakes of my life :cby Chetan Bhagat ba story about business, cricket and religion / aNew DelhibRupa & Co. c2008 a7/16, Ansari Road, DaryaganjbNew Delhie110002 axx, 257p. c21 cm. (pbk) aLove stories.2gsafd aDomestic fiction.2lcsh aCopyright Paperback Collection (Library of Congress)